000 00503nam a2200193Ia 4500
008 151121s9999||||xx |||||||||||||| ||und||
082 _a824/ROY
082 _bHNW-9647
100 _aROy M। N।
245 4 _aThe Historical Role Of Islam
260 _b"Vora & Co Pub। Pvt। Ltd।, Bombay"
260 _c--
300 _a106
600 _aROy M। N।
630 _aThe Historical Role Of Islam
700 _aROy M। N।
730 _aThe Historical Role Of Islam
942 _cBOOK
999 _c1215205
_d1215202